| 000 | 00950nam a2200253Ia 4500 | ||
|---|---|---|---|
| 003 | GCL | ||
| 008 | 140319s9999 xx 000 0 ara d | ||
| 040 |
_aGCL / _cGCL |
||
| 082 | 0 | 4 |
_a305.8924 _bا ي |
| 100 | 1 | _aاودى اديب | |
| 245 | 1 | 0 |
_aاليهود الشرقيون فى اسرائيل : الواقع واحتمالات المستقبل / _cاودى اديب |
| 700 | 1 | _aعبدالرحمن مرعى | |
| 250 | _aالاولى | ||
| 260 |
_aالقاهرة : _bمركز دراسات الوحدة العربية ، _c2003 |
||
| 300 |
_a195 ص ؛ _c24 سم |
||
| 650 | 0 | 4 | _aوعد بلفور |
| 650 | 0 | 4 | _aبروتوكولات حكماء صهيون |
| 650 | 0 | 4 | _aاليهود - الاحوال الاجتماعية |
| 650 | 0 | 4 | _aاليهود - الاحوال الاقتصادية |
| 650 | 0 | 4 | _aاليهود - تشتت |
| 650 | 0 | 4 | _aالسفارديم - اسرائيل |
| 650 | 0 | 4 | _aاليهود - اسرائيل |
| 942 |
_2ddc _cBK |
||
| 999 |
_c56791 _d56791 |
||